Statistics for WWE World Tag Team Champions (1971-2010)

Click here to take the quiz!

General Stats

  • This quiz has been taken 709 times
  • The average score is 121 of 230

Answer Stats

Title ReignsLast WonChampion% Correct
21998Kane
93%
12003Kane
93%
12002Kane
93%
22001Kane
93%
21999Kane
93%
12005Kane
93%
12009Shawn Michaels
93%
12009Triple H
93%
12006Edge
92%
12002Edge
92%
22004Edge
92%
12009Edge
92%
72001Edge
92%
11997Shawn Michaels
92%
12007Shawn Michaels
92%
21995Shawn Michaels
92%
12001Triple H
92%
12009The Big Show
91%
12005The Big Show
91%
12010The Big Show
91%
21999The Big Show
91%
21999The Undertaker
90%
11998The Undertaker
90%
22001The Undertaker
90%
12000The Undertaker
90%
12002Chris Jericho
89%
12001Chris Jericho
89%
12001Chris Jericho
89%
12009Chris Jericho
89%
12009Chris Jericho
89%
12002Christian
89%
12002Christian
89%
72001Christian
89%
12001The Rock
89%
31999The Rock
89%
12000The Rock
89%
21990Bret Hart
88%
62007Jeff Hardy
86%
62007Matt Hardy
86%
21995Owen Hart
86%
11996Owen Hart
86%
11999Owen Hart
86%
12006Randy Orton
85%
11997Stone Cold Steve Austin
85%
11998Stone Cold Steve Austin
85%
11997Stone Cold Steve Austin
85%
12001Stone Cold Steve Austin
85%
12008The Miz
85%
12010The Miz
85%
11973Dean Ho
84%
82003Bubba Ray Dudley
83%
82003D-Von Dudley
83%
31999Mankind
83%
21998Mankind
83%
11999Mankind
83%
12002Hollywood Hulk Hogan
82%
12007John Cena
82%
12008John Cena
82%
11994Mo
82%
12002Spike Dudley
80%
22004Batista
78%
12008Batista
77%
12001Chris Benoit
77%
22004Chris Benoit
77%
22004Ric Flair
77%
21995Diesel
76%
12006Ric Flair
76%
51999Billy Gunn
75%
51999Road Dogg
75%
11995The 1-2-3 Kid
75%
11994The 1-2-3 Kid
75%
22002Billy
73%
12008John Morrison
73%
31996Billy Gunn
72%
22008Cody Rhodes
72%
31993Ted DiBiase
72%
22008Ted DiBiase
72%
21999X-Pac
72%
12007Cody Rhodes
71%
12003Rob Van Dam
71%
12004Rob Van Dam
71%
11997Dude Love
70%
11996The British Bulldog
70%
21997Animal
69%
11998Cactus Jack
69%
31996Bart Gunn
68%
11986Dynamite Kid
68%
21997Hawk
68%
12002Booker T
67%
12001Booker T
67%
12004Booker T
67%
11995Bob Holly
66%
21990Jim Neidhart
66%
11998The Big Boss Man
66%
11986Davey Boy Smith
65%
12007Hardcore Holly
65%
11999Hardcore Holly
65%
31990Ax
64%
12002Goldust
64%
11999Crash Holly
62%
31990Smash
61%
21995Yokozuna
60%
12008CM Punk
59%
12001Test
59%
32001Faarooq
58%
32001Bradshaw
57%
12008Kofi Kingston
57%
12006Roddy Piper
57%
11981King
54%
12009Carlito
52%
11998Chainsaw Charlie
52%
22002Chuck
52%
11994Mabel
52%
11994Marty Jannetty
51%
11972Sonny King
51%
12002Lance Storm
50%
11994Fatu
49%
31993Irwin R. Schyster
49%
22003Lance Storm
49%
12003Lance Storm
49%
12002The Hurricane
49%
12005The Hurricane
49%
22003William Regal
49%
12005William Regal
49%
12004William Regal
49%
12010David Hart Smith
48%
11989Andre the Giant
47%
12000Scotty 2 Hotty
47%
12009Primo
46%
12002Rikishi
46%
12005Tajiri
46%
12000Grandmaster Sexay
44%
11999Jeff Jarrett
44%
12010Tyson Kidd
43%
11999Al Snow
41%
11998Ken Shamrock
41%
12003Rene Dupree
40%
11987Tito Santana
39%
11987Rick Martel
38%
12002Tazz
38%
11992Earthquake
37%
11989Haku
37%
12000The Goodfather
37%
21993Rick Steiner
36%
21993Scott Steiner
36%
11979Tito Santana
35%
32007Trevor Murdoch
35%
11992Typhoon
35%
12004Eugene
34%
11985Greg Valentine
34%
12006Kenny
34%
12006Mikey
34%
11997Mosh
34%
21981Rick Martel
34%
12005Rosey
34%
32005Sylvain Grenier
34%
12003Sylvain Grenier
34%
11989Arn Anderson
33%
11984Dick Murdoch
33%
32007Lance Cade
33%
32005Robert Conway
33%
11985The Iron Sheik
33%
11997Thrasher
33%
11991Brian Knobbs
32%
12001Diamond Dallas Page
32%
11991Jerry Sags
32%
11985Brutus Beefcake
31%
31994Jacques
31%
12007Paul London
31%
31983Afa
30%
11983Rocky Johnson
30%
11994Samu
30%
31983Sika
30%
11989Tully Blanchard
30%
12007Brian Kendrick
29%
11985Nikolai Volkoff
28%
11980Bob Backlund
27%
31994Pierre
27%
12002Rico
27%
12000Bull Buchanan
26%
21997Henry O. Godwinn
26%
31977Mr. Fuji
26%
21982Mr. Fuji
26%
11980Pedro Morales
26%
21997Phineas I. Godwinn
26%
12001Chris Kanyon
25%
11983Tony Atlas
25%
21985Barry Windham
22%
11996Skip
21%
11971Luke Graham
20%
21985Mike Rotundo
20%
11996Zip
20%
12003Chief Morley
17%
11978Yukon Pierre
17%
11975Pat Barrett
16%
31977Professor Tanaka
16%
11975Blackjack Mulligan
15%
11972Chief Jay Strongbow
15%
21982Chief Jay Strongbow
15%
11976Chief Jay Strongbow
15%
21981Tony Garea
15%
11973Tony Garea
15%
11973Tony Garea
15%
11978Tony Garea
15%
11984Adrian Adonis
14%
11975Blackjack Lanza
14%
21982Chief Jules Strongbow
14%
11978Dino Bravo
12%
11979Jerry Valiant
12%
11979Johnny Valiant
12%
21982Mr. Saito
11%
11981Rex
11%
11971Tarzan Tyler
11%
11979Ivan Putski
9%
11976Executioner #1
8%
11976Executioner #2
8%
11973Haystacks Calhoun
8%
11976Billy White Wolf
7%
11978Dominic DeNucci
6%
11975Dominic DeNucci
6%
11975Dominic DeNucci
6%
11978Larry Zbyszko
6%
11971Rene Goulet
6%
11978Yukon Eric
6%
11971Karl Gotch
5%
11972Mikel Scicluna
5%
11975Victor Rivera
4%
11972King Curtis Iaukea
3%
11975Louis Cerdan
3%
11975Tony Parisi
3%

Score Distribution

Percentile by Number Answered

Percent of People with Each Score

Your Score History

You have not taken this quiz